[Event "Montreal Transcontinental ABCDEFG"]
[Site "Montreal"]
[Date "2016.12.10"]
[Round "2"]
[White "Pietka, Krystyn"]
[Black "Lauzon, Francois"]
[Result "0-1"]
[WhiteElo "1234"]
[BlackElo "1200"]
[PlyCount "82"]
[EventDate "2016.12.09"]
[EventType "swiss"]
[EventRounds "5"]
[EventCountry "CAN"]
[SourceTitle "EXT 2022"]
[Source "ChessBase"]
[SourceDate "2021.10.06"]
[SourceVersion "1"]
[SourceVersionDate "2021.10.06"]
[SourceQuality "1"]

1. Nh3 d5 2. g3 Nc6 3. d4 h6 4. Nc3 Nf6 5. Bg2 Bf5 6. f3 e6 7. e4 Bh7 8. e5 Nd7 9. a3 Na5 10. b3 c6 11. Bd2 b5 12. b4 Nc4 13. Bf1 Ndb6 14. Bxc4 Nxc4 15. Qb1 Bf5 16. g4 Qh4+ 17. Nf2 Nxd2 18. Qd1 Nc4 19. gxf5 Ne3 20. Qd2 Nxf5 21. Ke2 Nxd4+ 22. Ke3 Qg5+ 23. f4 Nf5+ 24. Kd3 Qg6 25. Rag1 Ng3+ 26. Ke3 d4+ 27. Kxd4 Rd8+ 28. Ke3 Nf5+ 29. Ke2 Qh5+ 30. Ke1 Rxd2 31. Kxd2 Nh4 32. Kc1 Be7 33. Rd1 0-0 34. Rd7 Re8 35. Nce4 Qf3 36. Rg1 Qxa3+ 37. Kb1 Qxb4+ 38. Ka1 a5 39. Rxe7 Rxe7 40. Nf6+ Kh8 41. N2g4 Qd4+ 0-1

[Event "Quebec op U1400"]
[Site "Montreal"]
[Date "2016.07.27"]
[Round "6.80"]
[White "Pietka, Krystyn"]
[Black "Gao, Ying Chen"]
[Result "0-1"]
[WhiteElo "1282"]
[BlackElo "1371"]
[PlyCount "51"]
[EventDate "2016.07.23"]
[EventType "swiss"]
[EventRounds "8"]
[EventCountry "CAN"]
[SourceTitle "EXT 2022"]
[Source "ChessBase"]
[SourceDate "2021.10.06"]
[SourceVersion "1"]
[SourceVersionDate "2021.10.06"]
[SourceQuality "1"]

1. c4 e5 2. Nc3 Nf6 3. e4 Bc5 4. d3 d6 5. Na4 Bd4 6. Nf3 Nc6 7. Nxd4 Nxd4 8. Nc3 Bg4 9. f3 Bd7 10. f4 c6 11. fxe5 dxe5 12. Ne2 Bg4 13. h3 Bh5 14. g4 Nxe4 15. dxe4 Nf3+ 16. Kf2 Qxd1 17. Kxf3 Bg6 18. Bg2 Qd3+ 19. Be3 Bxe4+ 20. Kf2 Bxg2 21. Rhd1 Qe4 22. Ng1 Rd8 23. Rxd8+ Kxd8 24. Rd1+ Kc8 25. Nf3 Qxf3+ 26. Kg1 0-1

[Event "Quebec-ch Senior"]
[Site "Montreal"]
[Date "2014.02.08"]
[Round "3"]
[White "Pietka, Krystyn"]
[Black "Lafleche, Alain"]
[Result "0-1"]
[WhiteElo "1190"]
[BlackElo "1793"]
[PlyCount "78"]
[EventDate "2014.02.07"]
[EventType "swiss"]
[EventRounds "5"]
[EventCountry "CAN"]
[SourceTitle "EXT 2022"]
[Source "ChessBase"]
[SourceDate "2021.10.06"]
[SourceVersion "1"]
[SourceVersionDate "2021.10.06"]
[SourceQuality "1"]

1. c4 e5 2. Nc3 Nf6 3. g3 Bc5 4. h3 d5 5. cxd5 Nxd5 6. Qc2 Be6 7. a3 Nc6 8. e3 0-0 9. Bg2 Bb6 10. Nxd5 Bxd5 11. Bxd5 Qxd5 12. f3 f5 13. d3 Rad8 14. Qc4 Qxc4 15. dxc4 Rd3 16. Ke2 Rfd8 17. b4 a5 18. c5 Ba7 19. Ra2 a4 20. Rd2 e4 21. f4 b6 22. b5 Na5 23. Rxd3 Rxd3 24. Kf2 Rd1 25. Ne2 Rxh1 26. c6 Nc4 27. Ng1 Rh2+ 28. Ke1 Ra2 29. Ne2 Nxa3 30. Nc3 Rc2 31. Bd2 Nc4 32. Nb1 Nxd2 33. Nxd2 a3 34. Kd1 Rxd2+ 35. Kxd2 a2 36. g4 a1Q 37. g5 Qb2+ 38. Ke1 g6 39. h4 Kf7 0-1